000 00682nam a22002177a 4500
999 _c7623
_d7623
003 OSt
005 20220119125056.0
008 220119b ||||| |||| 00| 0 eng d
020 _a9781780323091
040 _cDDC
082 _a641.337 RYA 2011
100 _aRyan, Orla.
_915583
245 _aChocolate nations :
_bliving and dying for cocoa in West Africa
260 _aLondon :
_bZed;
_c2012.
300 _aviii, 182 pages ;
_c 20 cm
504 _aIncludes bibliographical references and index.
650 _aCocoa trade -- Africa, West.
_915584
650 _aCacao growers -- Africa, West -- Economic conditions.
_915585
650 _aChocolate.
_915586
942 _2ddc
_cBOOK